[Event "40th Olympiad Women"]
[Site "Istanbul TUR"]
[Date "2012.08.29"]
[Round "2.4"]
[Board "2"]
[White "Foisor, Sabina-Francesca"]
[Black "Narva, Triin"]
[Result "1-0"]
[WhiteTitle "WGM"]
[BlackTitle "WCM"]
[WhiteElo "2356"]
[BlackElo "2028"]
[WhiteTeam "United States of America"]
[BlackTeam "Estonia"]
[WhiteFideId "1212915"]
[BlackFideId "4502680"]
[EventDate "2012.08.28"]

1. d4 g6 2. c4 Nf6 3. Nc3 Bg7 4. e4 d6 5. f3 O-O 6. Be3 b6 7. Qd2 c5 8. Nge2 Nc6
9. d5 Ne5 10. Ng3 e6 11. Be2 exd5 12. cxd5 a6 13. a4 h5 14. O-O Nh7 15. h3 h4
16. Nh1 f5 17. f4 Nf7 18. Nf2 Re8 19. Bd3 Nf6 20. Rfe1 Ra7 21. a5 fxe4 22. Nfxe4
Nxe4 23. Nxe4 Bf5 24. Bf2 b5 25. Rab1 Rd7 26. b3 Kf8 27. Qc2 Nh6 28. Ng5 Rxe1+
29. Rxe1 Kg8 30. Bxh4 Bd4+ 31. Kh2 Bxd3 32. Qxd3 Nf5 33. Nf3 Qxa5 34. Qe4 Qc7
35. Qe8+ Kg7 36. Ng5 Kh6 37. Ne6 Qb7 38. Bg5+ Kh7 39. Nf8+ 1-0

[Event "40th Olympiad Women"]
[Site "Istanbul TUR"]
[Date "2012.08.29"]
[Round "2.4"]
[Board "3"]
[White "Vahtra, Tuuli"]
[Black "Goletiani, Rusudan"]
[Result "1/2-1/2"]
[WhiteTitle "WFM"]
[BlackTitle "IM"]
[WhiteElo "2014"]
[BlackElo "2341"]
[WhiteTeam "Estonia"]
[BlackTeam "United States of America"]
[WhiteFideId "4502060"]
[BlackFideId "13601105"]
[EventDate "2012.08.28"]

1. d4 c5 2. d5 e5 3. e4 d6 4. g3 Be7 5. Bg2 Bg5 6. Bxg5 Qxg5 7. Qd2 Qd8 8. Ne2
Nf6 9. Nbc3 O-O 10. O-O Re8 11. h3 Na6 12. f4 exf4 13. Qxf4 Nc7 14. g4 h6 15.
Ng3 Qe7 16. Rf2 b5 17. Nd1 Qe5 18. Qf3 Rf8 19. c3 Qg5 20. Ne3 Nd7 21. Ngf5 Ne5
22. Qg3 Bxf5 23. Nxf5 Rfd8 24. Nxd6 Rxd6 25. Rf5 Qd2 26. Qxe5 Rad8 27. Raf1 f6
28. Qg3 Ne8 29. R5f2 Qg5 30. h4 Qg6 31. h5 Qf7 32. b3 c4 33. bxc4 bxc4 34. Qe3
Qd7 35. Bh3 Qe7 36. Qd4 Qc7 37. Bg2 Rb6 38. Qe3 Nd6 39. e5 Qe7 40. e6 Rdb8 41.
Qc1 R6b7 42. Qc2 Qe8 43. Qc1 Qd8 44. Qe3 Qb6 45. Qxb6 axb6 46. Rb1 Ra8 47. Rc2
Kf8 48. Kf2 Ke7 49. Ke3 Ra5 50. Rcb2 b5 51. Rc2 Rba7 52. Rbb2 Ra3 53. Kd4 R7a5
54. Bf1 R3a4 55. Be2 Nc8 56. Bf3 Kd6 57. Rb4 Rxb4 58. cxb4 Ra4 59. Rb2 Ra3 60.
Ke4 Ne7 61. Kf4 Rd3 62. Re2 Rd4+ 63. Kg3 Rd1 64. Re3 Rb1 65. Ra3 Ke5 66. Ra7
Nxd5 67. e7 Nxe7 68. Rxe7+ Kd6 69. Rxg7 c3 70. Be4 Rxb4 1/2-1/2

[Event "40th Olympiad Women"]
[Site "Istanbul TUR"]
[Date "2012.08.29"]
[Round "2.4"]
[Board "4"]
[White "Abrahamyan, Tatev"]
[Black "Narva, Regina R."]
[Result "1-0"]
[WhiteTitle "WGM"]
[BlackTitle "WFM"]
[WhiteElo "2303"]
[BlackElo "2042"]
[WhiteTeam "United States of America"]
[BlackTeam "Estonia"]
[WhiteFideId "13301918"]
[BlackFideId "4500237"]
[EventDate "2012.08.28"]

1. e4 c5 2. Nf3 d6 3. d4 cxd4 4. Nxd4 Nf6 5. Nc3 g6 6. Be3 Bg7 7. f3 Nc6 8. Qd2
O-O 9. g4 Re8 10. h4 h5 11. gxh5 Nxh5 12. O-O-O Ne5 13. Rg1 b5 14. Bxb5 Bd7 15.
Be2 Rc8 16. f4 Nc4 17. Bxc4 Rxc4 18. f5 Qa5 19. fxg6 f5 20. Rg5 Nf6 21. Nxf5
Bxf5 22. Rxf5 Qa6 23. e5 Ng4 24. Rdf1 e6 25. Rf7 Nxe5 26. Bh6 Rc7 27. Qg5 Rxc3
28. Rxg7+ Kh8 29. Rh7+ Kg8 30. Rh8+ 1-0

[Event "40th Olympiad Women"]
[Site "Istanbul TUR"]
[Date "2012.08.29"]
[Round "2.5"]
[Board "1"]
[White "Karavade, Eesha"]
[Black "Caoili, Arianne"]
[Result "1-0"]
[WhiteTitle "IM"]
[BlackTitle "WIM"]
[WhiteElo "2371"]
[BlackElo "2204"]
[WhiteTeam "India"]
[BlackTeam "Australia"]
[WhiteFideId "5012600"]
[BlackFideId "5201179"]
[EventDate "2012.08.28"]

1. Nf3 Nf6 2. c4 c5 3. Nc3 Nc6 4. g3 g6 5. Bg2 d6 6. O-O Bg7 7. a3 Bd7 8. Rb1 a5
9. d3 O-O 10. Bd2 Rb8 11. Ne1 Qc8 12. Nc2 Bh3 13. b4 axb4 14. axb4 b6 15. Qc1 h5
16. Re1 Bxg2 17. Kxg2 h4 18. Bf4 Nh5 19. Bd2 Ne5 20. Nd5 Qb7 21. f3 Qd7 22. gxh4
b5 23. cxb5 cxb4 24. Rxb4 e6 25. Nc3 Rfc8 26. Qa3 d5 27. Ra4 Bf8 28. Qa2 Bd6 29.
Rb1 Bc7 30. h3 Qd6 31. Qa3 Nxf3 32. Qxd6 1-0

[Event "40th Olympiad Women"]
[Site "Istanbul TUR"]
[Date "2012.08.29"]
[Round "2.5"]
[Board "4"]
[White "Dekic, Biljana N."]
[Black "Soumya, Swaminathan"]
[Result "1/2-1/2"]
[WhiteTitle "WIM"]
[BlackTitle "WGM"]
[WhiteElo "2104"]
[BlackElo "2271"]
[WhiteTeam "Australia"]
[BlackTeam "India"]
[WhiteFideId "3200493"]
[BlackFideId "5016193"]
[EventDate "2012.08.28"]

1. e4 c6 2. d4 d5 3. Nd2 dxe4 4. Nxe4 Bf5 5. Ng3 Bg6 6. h4 h6 7. h5 Bh7 8. Nf3
Nd7 9. Bd3 Bxd3 10. Qxd3 e6 11. Bf4 Qa5+ 12. Bd2 Bb4 13. a3 Bxd2+ 14. Qxd2 Qc7
15. O-O-O Ngf6 16. Kb1 O-O 17. Qe2 b5 18. Ne5 Rab8 19. Nxd7 Nxd7 20. Ne4 b4 21.
Rh3 a5 22. g4 f6 23. a4 Rfe8 24. Nc5 Qd6 25. Nxd7 Qxd7 26. f4 Rbd8 27. Rhd3 Qd5
28. b3 Rc8 29. Re3 Rc7 30. Rdd3 Rce7 31. Qd2 Kf7 32. Rg3 Rd7 33. Rg1 Rh8 34. Qe3
Re7 35. Re1 Ke8 36. Rd2 Kd7 37. Rde2 Rhe8 38. Qd3 Kc7 39. Re4 Kd6 40. Qe2 Kd7
41. Rd1 Kc7 1/2-1/2

[Event "40th Olympiad Women"]
[Site "Istanbul TUR"]
[Date "2012.08.29"]
[Round "2.6"]
[Board "1"]
[White "Sanchez Castillo, Sarai"]
[Black "Socko, Monika"]
[Result "0-1"]
[WhiteTitle "IM"]
[BlackTitle "GM"]
[WhiteElo "2193"]
[BlackElo "2467"]
[WhiteTeam "Venezuela"]
[BlackTeam "Poland"]
[WhiteFideId "3900754"]
[BlackFideId "1106619"]
[EventDate "2012.08.28"]

1. e4 c5 2. Nf3 Nc6 3. d4 cxd4 4. Nxd4 g6 5. Nc3 Bg7 6. Be3 Nf6 7. Bc4 O-O 8.
Bb3 d6 9. h3 Bd7 10. O-O Nxd4 11. Bxd4 Bc6 12. Qd3 a5 13. a4 Nd7 14. Bxg7 Kxg7
15. Qd4+ Kg8 16. Rad1 Qb6 17. Nd5 Bxd5 18. Qxb6 Nxb6 19. exd5 Rac8 20. Rfe1 Rfe8
21. Rd4 Rc5 22. c3 Kf8 23. Kf1 Rec8 24. Ke2 Nd7 25. Kd1 R5c7 26. Kc1 f5 27. Kb1
Nf6 28. g4 fxg4 29. hxg4 h6 30. Rg1 g5 31. f4 Kg7 32. Rf1 Rh8 33. fxg5 hxg5 34.
Bc2 Rc5 35. c4 Rh3 36. Ka2 Rc8 37. Bf5 Rch8 38. Re1 Kf8 39. Rd2 Rh2 40. Rd3 R8h3
41. Rxh3 Rxh3 42. Rg1 Re3 43. b3 Kg7 44. Kb2 b6 45. Kc2 Re2+ 46. Kd3 Rb2 47. Kc3
Rf2 48. Kd3 Rf3+ 49. Kc2 Kf8 50. Rg2 Kf7 51. Be6+ Kf8 52. Bf5 Rh3 53. Rd2 Rg3
54. Rd4 Kg7 55. Kb2 Re3 56. Kc2 Kf7 57. Rd3 Re5 58. Rd4 Re1 59. Rd1 Re5 60. Kd3
Ne8 61. Be6+ Kg7 62. Rf1 Nf6 63. Rf5 Nxg4 64. Rf7+ Kg6 65. Rxe7 Nf2+ 66. Kd2 g4
67. Rd7 g3 68. Rd8 Kh7 69. Rd7+ Kh6 70. Bf7 Ne4+ 0-1

[Event "40th Olympiad Women"]
[Site "Istanbul TUR"]
[Date "2012.08.29"]
[Round "2.6"]
[Board "2"]
[White "Rajlich, Iweta"]
[Black "Gutierrez, Leonela"]
[Result "1-0"]
[WhiteTitle "IM"]
[WhiteElo "2412"]
[BlackElo "2067"]
[WhiteTeam "Poland"]
[BlackTeam "Venezuela"]
[WhiteFideId "1108166"]
[BlackFideId "3900401"]
[EventDate "2012.08.28"]

1. d4 Nf6 2. c4 g6 3. Nc3 Bg7 4. e4 d6 5. Be2 O-O 6. Nf3 e5 7. Be3 Nc6 8. d5 Ne7
9. O-O Nh5 10. Ne1 Nf4 11. Nd3 Nxe2+ 12. Qxe2 f5 13. f4 fxe4 14. Nxe4 exf4 15.
Bxf4 Nf5 16. Bg5 Qd7 17. g4 Re8 18. Rae1 Kh8 19. Qg2 Bd4+ 20. Kh1 Ng7 21. h3 b5
22. Bf6 Bxf6 23. Nxf6 Rxe1 24. Nxd7 Rxf1+ 25. Qxf1 Bxd7 26. c5 Kg8 27. c6 Be8
28. Nb4 a6 29. Nc2 Bf7 30. Qd3 Re8 31. Ne3 Re5 32. Qd4 Ne8 33. Qa7 Nf6 34. Kg1
Nxd5 35. Nxd5 Bxd5 36. Qb8+ Kg7 37. Qxc7+ Kh6 38. Qxd6 Re1+ 39. Kf2 Rd1 40. c7
Rd2+ 41. Ke3 Rc2 42. Qf8+ 1-0

[Event "40th Olympiad Women"]
[Site "Istanbul TUR"]
[Date "2012.08.29"]
[Round "2.6"]
[Board "3"]
[White "Montilla, Jorcerys"]
[Black "Zawadzka, Jolanta"]
[Result "0-1"]
[BlackTitle "WGM"]
[WhiteElo "2050"]
[BlackElo "2377"]
[WhiteTeam "Venezuela"]
[BlackTeam "Poland"]
[WhiteFideId "3900517"]
[BlackFideId "1122320"]
[EventDate "2012.08.28"]

1. d4 Nf6 2. c4 g6 3. Nc3 Bg7 4. e4 d6 5. f4 O-O 6. Nf3 c5 7. d5 e6 8. dxe6 fxe6
9. Bd3 Nc6 10. O-O Nd4 11. Ng5 e5 12. f5 h6 13. Nh3 gxf5 14. exf5 Qe8 15. Qe1
Qh5 16. Qg3 Kh8 17. Qg6 Qxg6 18. fxg6 Be6 19. Nf2 b5 20. b3 e4 21. Nfxe4 Nxe4
22. Nxe4 bxc4 23. bxc4 Ne2+ 24. Bxe2 Bxa1 25. Be3 Rxf1+ 26. Kxf1 Be5 27. Bxh6
Bf5 28. Bf3 Rb8 29. h4 Bxg6 30. Nd2 Bg3 31. Bg5 Bd3+ 32. Be2 Re8 0-1

[Event "40th Olympiad Women"]
[Site "Istanbul TUR"]
[Date "2012.08.29"]
[Round "2.6"]
[Board "4"]
[White "Szczepkowska-Horowska, Karina"]
[Black "Varela La Madrid, Tilsia Carolin"]
[Result "1-0"]
[WhiteTitle "WGM"]
[WhiteElo "2375"]
[BlackElo "2036"]
[WhiteTeam "Poland"]
[BlackTeam "Venezuela"]
[WhiteFideId "1122681"]
[BlackFideId "3903001"]
[EventDate "2012.08.28"]

1. e4 e5 2. Nf3 Nc6 3. Bc4 Nf6 4. d3 Be7 5. O-O O-O 6. Re1 d6 7. a4 Be6 8. Nbd2
Qd7 9. a5 a6 10. c3 Rfe8 11. Bb3 h6 12. Ba4 b5 13. axb6 cxb6 14. d4 b5 15. Bc2
Bg4 16. d5 Nd8 17. Nf1 Nb7 18. Ng3 Qc7 19. h3 Bd7 20. Nh2 Rec8 21. Qf3 b4 22.
Bd2 bxc3 23. Bxc3 Nc5 24. Ra3 a5 25. Rea1 a4 26. Nhf1 Qb7 27. Nf5 Bf8 28. Nxh6+
gxh6 29. Qxf6 Qb6 30. Bxe5 Kh7 31. Qxf7+ 1-0

[Event "40th Olympiad Women"]
[Site "Istanbul TUR"]
[Date "2012.08.29"]
[Round "2.7"]
[Board "1"]
[White "Medina, Warda Aulia"]
[Black "Videnova, Iva"]
[Result "1-0"]
[WhiteTitle "WFM"]
[BlackTitle "WGM"]
[WhiteElo "2218"]
[BlackElo "2317"]
[WhiteTeam "Indonesia"]
[BlackTeam "Bulgaria"]
[WhiteFideId "7101570"]
[BlackFideId "2907763"]
[EventDate "2012.08.28"]

1. e4 c5 2. Nf3 d6 3. d4 cxd4 4. Nxd4 Nf6 5. Nc3 g6 6. Be2 Bg7 7. Be3 Nc6 8. O-O
O-O 9. Qd2 Ng4 10. Bxg4 Bxg4 11. Nxc6 bxc6 12. Bh6 Bxh6 13. Qxh6 Rb8 14. Rab1
Be6 15. f4 f5 16. Rf3 Rf7 17. b3 Rb4 18. Re1 Qb6+ 19. Kh1 fxe4 20. Nxe4 Bd5 21.
c4 Bxe4 22. Rxe4 d5 23. Re1 Qd4 24. f5 gxf5 25. Qxc6 f4 26. Qe8+ Kg7 27. Rxe7
Qa1+ 28. Re1 Qd4 29. Qd8 Qd2 30. Qg5+ Kf8 31. Qh6+ 1-0

[Event "40th Olympiad Women"]
[Site "Istanbul TUR"]
[Date "2012.08.29"]
[Round "2.7"]
[Board "2"]
[White "Nikolova, Adriana"]
[Black "Sihite, Chelsie Monica"]
[Result "1/2-1/2"]
[WhiteTitle "WGM"]
[BlackTitle "WIM"]
[WhiteElo "2299"]
[BlackElo "2162"]
[WhiteTeam "Bulgaria"]
[BlackTeam "Indonesia"]
[WhiteFideId "2908689"]
[BlackFideId "7101198"]
[EventDate "2012.08.28"]

1. e4 e5 2. Nf3 Nc6 3. Nc3 Nf6 4. Bb5 Nd4 5. Ba4 c6 6. O-O d5 7. Nxd4 exd4 8.
Nxd5 Nxe4 9. Qh5 g5 10. Re1 Qxd5 11. Bb3 Qf5 12. f3 Qg6 13. Rxe4+ Be7 14. Qxg6
hxg6 15. d3 Kf8 16. Bd2 Bf5 17. Re2 a5 18. a4 b6 19. Bc4 Bf6 20. h3 Kg7 21. Kf2
Bd7 22. Kg3 Rac8 23. Rf1 c5 24. b3 Rce8 25. Rxe8 Rxe8 26. f4 g4 27. Bd5 Re2 28.
Rd1 gxh3 29. gxh3 Re8 30. h4 Bf5 31. Bf3 Bd8 32. Rh1 Rh8 33. Be1 Bc7 34. Bd2 Bd8
35. Bg4 Bxg4 36. Kxg4 f5+ 37. Kg3 Bf6 38. Rh2 Kf7 39. Be1 Bd8 40. Kf3 Bf6 41.
Bf2 Bd8 42. Be1 1/2-1/2

[Event "40th Olympiad Women"]
[Site "Istanbul TUR"]
[Date "2012.08.29"]
[Round "2.8"]
[Board "1"]
[White "Milliet, Sophie"]
[Black "Arbunic Castro, Giovanna"]
[Result "1-0"]
[WhiteTitle "IM"]
[BlackTitle "WIM"]
[WhiteElo "2411"]
[BlackElo "2098"]
[WhiteTeam "France"]
[BlackTeam "Chile"]
[WhiteFideId "623725"]
[BlackFideId "3400549"]
[EventDate "2012.08.28"]

1. e4 c5 2. Nf3 g6 3. d4 Bg7 4. Nc3 cxd4 5. Nxd4 Nc6 6. Be3 d6 7. Qd2 Nf6 8. f3
O-O 9. Bc4 a6 10. h4 Nxd4 11. Bxd4 b5 12. Bb3 h5 13. g4 e5 14. Be3 hxg4 15.
O-O-O gxf3 16. h5 Nxh5 17. Nd5 Kh7 18. Rdg1 Rb8 19. Rxh5+ gxh5 20. Qh2 Rh8 21.
Bg5 f2 22. Qxf2 Qd7 23. Nf6+ Bxf6 24. Qxf6 1-0

[Event "40th Olympiad Women"]
[Site "Istanbul TUR"]
[Date "2012.08.29"]
[Round "2.8"]
[Board "2"]
[White "Abarca Gonzalez, Damaris"]
[Black "Maisuradze, Nino"]
[Result "0-1"]
[BlackTitle "WGM"]
[WhiteElo "2024"]
[BlackElo "2284"]
[WhiteTeam "Chile"]
[BlackTeam "France"]
[WhiteFideId "3409414"]
[BlackFideId "13601717"]
[EventDate "2012.08.28"]

1. e4 c5 2. Nf3 Nc6 3. d4 cxd4 4. Nxd4 Nf6 5. Nc3 g6 6. Be3 Bg7 7. f3 O-O 8. Qd2
d5 9. Nxc6 bxc6 10. Rd1 e6 11. Be2 Rb8 12. Bc5 Rxb2 13. Ba3 Rb8 14. Bxf8 Qxf8
15. e5 Nd7 16. f4 Bh6 17. Qe3 Rb2 18. Rd2 c5 19. Nb5 Rxa2 20. g4 Bb7 21. g5 d4
22. Qg1 Bg7 23. h4 Ra1+ 24. Bd1 Bxh1 25. Qxh1 Nb6 26. Nd6 Nd5 27. h5 Nxf4 28.
hxg6 Nxg6 29. Rf2 Nxe5 30. Ne4 Ng4 31. Rd2 Qb8 32. Qh4 Qf4 33. Nxc5 Qe3+ 34. Re2
Qg1+ 0-1

[Event "40th Olympiad Women"]
[Site "Istanbul TUR"]
[Date "2012.08.29"]
[Round "2.8"]
[Board "4"]
[White "Larrachea Formas, Emilia"]
[Black "Bollengier, Andreea"]
[Result "0-1"]
[BlackTitle "WIM"]
[WhiteElo "2061"]
[BlackElo "2253"]
[WhiteTeam "Chile"]
[BlackTeam "France"]
[WhiteFideId "3400727"]
[BlackFideId "1203347"]
[EventDate "2012.08.28"]

1. d4 d5 2. Nf3 Nf6 3. c4 dxc4 4. Nc3 a6 5. a4 Nc6 6. e3 Na5 7. Ne5 Be6 8. Ra3
c6 9. e4 Nd7 10. Bf4 Nxe5 11. Bxe5 f6 12. Bf4 Bf7 13. e5 Nb3 14. Bxc4 Bxc4 15.
Rxb3 Bxb3 16. Qxb3 b5 17. Be3 fxe5 18. dxe5 Qd3 19. Qe6 Qd7 20. Qb3 Qd3 21. Qe6
Qc4 22. Qxc4 bxc4 23. e6 Rb8 24. O-O g6 25. a5 Bg7 26. Na4 Rb4 27. Bb6 Rxa4 28.
Rd1 O-O 0-1

[Event "40th Olympiad Women"]
[Site "Istanbul TUR"]
[Date "2012.08.29"]
[Round "2.9"]
[Board "1"]
[White "Baklanova, Tatiana"]
[Black "Ordaz Valdes, Lisandra Teresa"]
[Result "1/2-1/2"]
[WhiteTitle "WIM"]
[BlackTitle "WGM"]
[WhiteElo "2220"]
[BlackElo "2344"]
[WhiteTeam "ICSC"]
[BlackTeam "Cuba"]
[WhiteFideId "14100754"]
[BlackFideId "3506940"]
[EventDate "2012.08.28"]

1. d4 Nf6 2. c4 e6 3. Nc3 Bb4 4. Qc2 d5 5. cxd5 exd5 6. Bg5 h6 7. Bxf6 Qxf6 8.
a3 Bxc3+ 9. Qxc3 O-O 10. e3 c6 11. Nf3 Bf5 12. Bd3 Bxd3 13. Qxd3 Nd7 14. O-O
Rfe8 15. b4 Qd6 16. Rfd1 b5 17. Qc3 Nb6 18. Qc5 Qe6 19. Rdc1 Rac8 20. h3 Rc7 21.
Ne5 Nc4 22. a4 Rb8 23. e4 Nxe5 24. dxe5 dxe4 25. Qd6 Qxd6 26. exd6 Rd7 27. Rxc6
bxa4 28. Rxa4 f6 29. Rc7 Rb7 30. Rc4 Rxd6 31. Rxe4 1/2-1/2

[Event "40th Olympiad Women"]
[Site "Istanbul TUR"]
[Date "2012.08.29"]
[Round "2.9"]
[Board "2"]
[White "Pina Vega, Sulennis"]
[Black "Mucha, Annegret"]
[Result "1/2-1/2"]
[WhiteTitle "WGM"]
[BlackTitle "WCM"]
[WhiteElo "2345"]
[BlackElo "2023"]
[WhiteTeam "Cuba"]
[BlackTeam "ICSC"]
[WhiteFideId "3503151"]
[BlackFideId "24622788"]
[EventDate "2012.08.28"]

1. e4 c5 2. b3 d6 3. Bb5+ Nc6 4. Bb2 Bd7 5. Ne2 a6 6. Bxc6 Bxc6 7. d3 Nf6 8. O-O
e6 9. Nd2 Be7 10. a4 b5 11. axb5 axb5 12. Ng3 O-O 13. f4 Rxa1 14. Bxa1 Qc7 15.
Qe2 Ra8 16. e5 Ne8 17. f5 dxe5 18. Bxe5 Qd7 19. Nde4 Bxe4 20. Qxe4 Ra7 21. Qg4
Bf6 22. Bxf6 Nxf6 23. Qe2 Qd4+ 24. Kh1 e5 25. h3 Ra1 26. Rxa1 Qxa1+ 27. Kh2 Qd4
28. Ne4 Nxe4 29. Qxe4 Qxe4 30. dxe4 Kf8 1/2-1/2

[Event "40th Olympiad Women"]
[Site "Istanbul TUR"]
[Date "2012.08.29"]
[Round "2.9"]
[Board "3"]
[White "Botalova, Yulia"]
[Black "Linares Napoles, Oleiny"]
[Result "1/2-1/2"]
[WhiteTitle "WFM"]
[BlackTitle "WGM"]
[WhiteElo "1949"]
[BlackElo "2355"]
[WhiteTeam "ICSC"]
[BlackTeam "Cuba"]
[WhiteFideId "24132535"]
[BlackFideId "3504794"]
[EventDate "2012.08.28"]

1. e4 e5 2. Nf3 Nf6 3. Nxe5 d6 4. Nf3 Nxe4 5. Qe2 Qe7 6. d3 Nf6 7. Bg5 Nbd7 8.
Nc3 a6 9. O-O-O Qxe2 10. Bxe2 h6 11. Bd2 Be7 12. h3 Nc5 13. Nd4 Ne6 14. Nxe6
Bxe6 15. Bf3 O-O-O 16. Rhe1 Rde8 17. Re2 Bd8 18. Rde1 Bd7 19. Rxe8 Rxe8 20. Rxe8
Bxe8 21. Ne4 Nxe4 22. Bxe4 Bf6 23. Be3 c6 24. d4 Bd7 25. b3 h5 26. Bf3 h4 27.
Bg4 Bxg4 28. hxg4 g5 29. Kd2 Kd7 30. Kd3 Ke6 31. Ke4 Be7 32. f3 b5 33. c4 d5+
34. cxd5+ cxd5+ 35. Kd3 Kd7 36. Bd2 b4 37. Be3 Ke6 38. Bd2 f5 39. Be3 Kf6 40.
Bd2 Bd6 41. Be1 a5 42. Bd2 Bg3 43. Bc1 1/2-1/2

[Event "40th Olympiad Women"]
[Site "Istanbul TUR"]
[Date "2012.08.29"]
[Round "2.9"]
[Board "4"]
[White "Llaudy Pupo, Lisandra"]
[Black "Myronenko, Natalya"]
[Result "1/2-1/2"]
[WhiteTitle "WIM"]
[WhiteElo "2264"]
[BlackElo "1891"]
[WhiteTeam "Cuba"]
[BlackTeam "ICSC"]
[WhiteFideId "3506487"]
[BlackFideId "14124530"]
[EventDate "2012.08.28"]

1. e4 e5 2. Bc4 Nf6 3. d3 Bc5 4. Nf3 d6 5. O-O O-O 6. c3 Bb6 7. Bb3 Nbd7 8. Nbd2
Nc5 9. Bc2 c6 10. Re1 Ne6 11. Nc4 Bc7 12. h3 b5 13. Ne3 Nf4 14. Nf1 Ng6 15. a4
Bb7 16. axb5 cxb5 17. Be3 a5 18. Ng3 d5 19. Bc5 Re8 20. Nf5 Qd7 21. g3 Rad8 22.
Qb1 Qc6 23. b4 axb4 24. Bxb4 dxe4 25. dxe4 Rd7 26. Kg2 Red8 27. Qb3 h6 28. Re2
Bb8 29. Ba5 Bc7 30. Bb4 Bb8 31. Rae1 Kh7 32. Ba5 Bc7 33. Bb4 Ne8 34. h4 Nd6 35.
Bxd6 Bxd6 36. h5 Nf8 37. Nxd6 Qxd6 38. Re3 Qc5 39. Rb1 Bc6 40. Qb4 Qxb4 41. Rxb4
f6 42. c4 bxc4 43. Rxc4 Rd6 44. Nh4 Bd7 45. Ba4 Bxa4 46. Rxa4 Ne6 47. Nf5 R6d7
48. Rc3 Nd4 49. Nxd4 Rxd4 1/2-1/2

[Event "40th Olympiad Women"]
[Site "Istanbul TUR"]
[Date "2012.08.29"]
[Round "2.10"]
[Board "1"]
[White "Muzychuk, Anna"]
[Black "Perena, Catherine"]
[Result "1-0"]
[WhiteTitle "GM"]
[BlackTitle "WIM"]
[WhiteElo "2606"]
[BlackElo "2091"]
[WhiteTeam "Slovenia"]
[BlackTeam "Philippines"]
[WhiteFideId "14111330"]
[BlackFideId "5202744"]
[EventDate "2012.08.28"]

1. e4 d5 2. exd5 Qxd5 3. Nc3 Qa5 4. Bc4 Nf6 5. h3 Bf5 6. d3 e6 7. Bd2 c6 8. Qe2
Nbd7 9. g4 Bg6 10. f4 O-O-O 11. O-O-O Qc7 12. Qf2 Bc5 13. d4 Bd6 14. Nge2 Be4
15. Rhf1 Nb6 16. Bb3 Bd5 17. f5 Bxb3 18. axb3 exf5 19. Qxf5+ Rd7 20. g5 Ne8 21.
Ne4 Kb8 22. c4 Bh2 23. Rf2 Ka8 24. Ba5 g6 25. Qg4 Ng7 26. Qg2 Re7 27. c5 Nf5 28.
Qxh2 Qxh2 29. Rxh2 Nd5 30. Nf6 Nde3 31. Rd3 h6 32. gxh6 Re6 33. Ng4 Nd5 34. Bd2
f6 35. Rf2 Rd8 36. Nf4 Nxf4 37. Rxf4 b6 38. cxb6 axb6 39. h4 Red6 40. h5 gxh5
41. Rxf5 hxg4 42. Rh5 Rh8 43. d5 Rf8 44. Bf4 Rd7 45. d6 Kb7 46. Re3 Kc8 47. Rh4
Rg8 48. Re6 Rf7 49. h7 Rh8 50. Rxg4 Rhxh7 51. Rg8+ Kd7 52. Ree8 Rh1+ 53. Kc2 Rf1
54. Rd8+ Ke6 55. Rge8+ Kd5 1-0

[Event "40th Olympiad Women"]
[Site "Istanbul TUR"]
[Date "2012.08.29"]
[Round "2.10"]
[Board "2"]
[White "Jose, Rulp Ylem"]
[Black "Rozic, Vesna"]
[Result "0-1"]
[WhiteTitle "WFM"]
[BlackTitle "WIM"]
[WhiteElo "2061"]
[BlackElo "2260"]
[WhiteTeam "Philippines"]
[BlackTeam "Slovenia"]
[WhiteFideId "5205026"]
[BlackFideId "14604000"]
[EventDate "2012.08.28"]

1. d4 d5 2. c4 c6 3. Nc3 Nf6 4. Bg5 dxc4 5. a4 h6 6. Bxf6 exf6 7. e4 Bb4 8. Bxc4
O-O 9. Ne2 Nd7 10. O-O a5 11. Nf4 Nb6 12. Bb3 Qd6 13. g3 Be6 14. Nxe6 fxe6 15.
Qg4 Rae8 16. Ne2 f5 17. exf5 Nd5 18. fxe6 Rxe6 19. Nf4 Rxf4 20. gxf4 Rg6 21.
Bxd5+ cxd5 22. Qg3 Kh7 23. Kh1 Rxg3 24. hxg3 Qg6 25. Kg1 Qc2 26. Rac1 Qxb2 27.
Rc7 Bc3 28. Rc5 Bxd4 29. Rxd5 b6 30. Rd8 Bc5 31. Rdd1 Qb3 32. f5 Qxg3+ 33. Kh1
Bxf2 34. Rd3 Qxd3 35. Rxf2 Qe4+ 36. Kg1 Qxa4 37. f6 Qa1+ 38. Rf1 Qxf6 39. Re1 a4
40. Re2 a3 41. Kh2 Qb2 0-1

[Event "40th Olympiad Women"]
[Site "Istanbul TUR"]
[Date "2012.08.29"]
[Round "2.10"]
[Board "3"]
[White "Krivec, Jana"]
[Black "Frayna, Janelle Mae"]
[Result "0-1"]
[WhiteTitle "WGM"]
[WhiteElo "2240"]
[BlackElo "1991"]
[WhiteTeam "Slovenia"]
[BlackTeam "Philippines"]
[WhiteFideId "14601982"]
[BlackFideId "5212499"]
[EventDate "2012.08.28"]

1. e4 Nf6 2. e5 Nd5 3. d4 d6 4. Nf3 dxe5 5. Nxe5 c6 6. Be2 Nd7 7. Nf3 N7f6 8.
O-O Bg4 9. c4 Nb6 10. b3 e6 11. Bb2 Be7 12. Ne5 Bxe2 13. Qxe2 O-O 14. Nd2 Qc7
15. Rac1 c5 16. Ndf3 cxd4 17. Nxd4 Nbd7 18. Nb5 Qb6 19. Rfd1 Rfd8 20. Nxd7 Nxd7
21. Bd4 Bc5 22. Bb2 Be7 23. Rd3 a6 24. Nc3 Nc5 25. Rg3 Bf8 26. Ne4 Nxe4 27. Qxe4
Rd2 28. c5 Qxc5 29. Qf4 Qxc1+ 0-1

[Event "40th Olympiad Women"]
[Site "Istanbul TUR"]
[Date "2012.08.29"]
[Round "2.10"]
[Board "4"]
[White "Docena, Jedara"]
[Black "Srebrnic, Ana"]
[Result "1/2-1/2"]
[BlackTitle "WGM"]
[WhiteElo "2061"]
[BlackElo "2211"]
[WhiteTeam "Philippines"]
[BlackTeam "Slovenia"]
[WhiteFideId "5202361"]
[BlackFideId "14603314"]
[EventDate "2012.08.28"]

1. e4 e5 2. Nc3 Nf6 3. Bc4 Nc6 4. d3 Na5 5. Bb3 Nxb3 6. axb3 Be7 7. f4 d6 8. Nf3
exf4 9. Bxf4 O-O 10. O-O c6 11. d4 d5 12. Qd3 dxe4 13. Nxe4 Nxe4 14. Qxe4 Be6
15. Rfe1 Bf6 16. c4 Qb6 17. Re3 Rad8 18. Be5 Bxe5 19. Qxe5 Bg4 20. c5 Qb4 21.
Ra4 Qb5 22. Rxa7 Bxf3 23. gxf3 Qb4 24. Ra4 Qd2 25. Qe4 Qc1+ 26. Re1 Qxb2 27. Qd3
Rfe8 28. Rb1 Qe2 29. Qxe2 Rxe2 30. Rb4 Rd7 31. Rd1 g6 32. Rb6 Rb2 33. b4 h5 34.
b5 cxb5 35. d5 Re7 36. d6 Ree2 37. d7 Rg2+ 38. Kf1 Rgf2+ 39. Kg1 Rg2+ 40. Kf1
Rgf2+ 1/2-1/2